Dasar perdagangan dan guna tenaga di Malaysia : penekanan kepada sektor perkilangan /
Saved in:
| Main Author: | |
|---|---|
| Format: | Thesis |
| Language: | Malay |
| Published: |
Bangi, Selangor :
Fakulti Ekonomi, Universiti Kebangsaan Malaysia,
1994
|
| Subjects: | |
| Tags: |
Add Tag
No Tags, Be the first to tag this record!
|
| LEADER | 013230000a22003370004500 | ||
|---|---|---|---|
| 001 | 363425 | ||
| 005 | 20230419155513.0 | ||
| 008 | 061130t1994 my a g 000 0 may d | ||
| 035 | |a (Sirsi) 363425 | ||
| 040 | |a UIAM |b eng | ||
| 043 | |a a-my-- | ||
| 050 | 0 | 0 | |a HC445.5 |
| 100 | 0 | |a Saiful Azhar b. Rosly |9 51171 | |
| 245 | 1 | 0 | |a Dasar perdagangan dan guna tenaga di Malaysia : |b penekanan kepada sektor perkilangan / |c Saiful Azhar b. Rosly |
| 260 | |a Bangi, Selangor : |b Fakulti Ekonomi, Universiti Kebangsaan Malaysia, |c 1994 | ||
| 300 | |a xix, 344 p. : |b ill. ; |c 30 cm. | ||
| 336 | |2 rdacontent | ||
| 337 | |2 rdamedia | ||
| 338 | |2 rdacarrier | ||
| 500 | |a Abstracts in Malay and English. | ||
| 500 | |a "Tesis ini dikemukakan untuk memperolehi Ijazah Doktor Falsafah."--On t.p. | ||
| 502 | |a Tesis (Ph. D.)--Universiti Kebangsaan Malaysia, 1994 | ||
| 504 | |a Includes bibliographical references (leaves 330-342). | ||
| 650 | 0 | |a Manufacturing industries |z Malaysia |9 70865 | |
| 650 | 0 | |a Labor |z Malaysia |9 92473 | |
| 651 | 0 | |a Malaysia |x Economic conditions |9 14 | |
| 651 | 0 | |a Malaysia |x Economic policy | |
| 900 | |a mbs-hj-ajt | ||
| 942 | |2 lcc |n 0 | ||
| 999 | |c 434081 |d 465479 | ||
| 952 | |0 0 |6 T HC 000445.5 S132D 1994 |7 0 |8 THESES |9 751696 |a IIUM |b IIUM |c MULTIMEDIA |g 0.00 |o t HC445.5S132D 1994 |p 00001065943 |r 2017-10-19 |t 1 |v 0.00 |y THESIS | ||
